| 000 | 00442nam a22001577a 4500 | ||
|---|---|---|---|
| 008 | 230721b |||||||| |||| 00| 0 eng d | ||
| 020 | _a9780140135473 | ||
| 050 | _aBD 161 .A94 1990 | ||
| 100 | _aAyer, A. | ||
| 245 |
_aThe problem of knowledge : _cA.J. Ayer. |
||
| 260 |
_aLondon: _bLittlerock, _c1990. |
||
| 300 |
_ax,268p. ; _c18 cm |
||
| 500 | _aindex. | ||
| 650 | _2Philosophy | ||
| 942 |
_2lcc _cBOOKS _hBD 161 .A94 1990 |
||
| 999 |
_c31716 _d31716 |
||